Personnages Black Butler - Animé - Statistiques

Statistiques générales
  • Ce quiz a été pris 232 fois
  • Le résultat moyen est 8 sur 13
Statistiques - réponses
Par images Réponse % Correct
Ciel Phantomhive
99%
Sebastian Michaelis
98%
Undertaker
79%
Elizabeth
72%
Aloïs Trancy
71%
Mr Tanaka
65%
Finnian
64%
Claude Faustus
60%
Reine Victoria
46%
Angela
42%
Pluton
40%
May Linn
39%
Ash
29%
Aucun quiz correspondant
Distribution des résultats
% des personnes avec chaque résultat
Percentile par nombre de réponses
Votre historique - résultats
Vous n’avez pas pris ce quiz